| 000 | 00417pab a2200157 454500 | ||
|---|---|---|---|
| 008 | 180718b1962 xxu||||| |||| 00| 0 eng d | ||
| 100 | _aMaddick, Henry | ||
| 245 | _aControl, supervision, and guidance of Panchayati Raj institutions | ||
| 260 | _c1962 | ||
| 300 | _ap.500-511. | ||
| 362 | _aOct-Dec | ||
| 650 | _aPanchayat | ||
| 773 | _aIndian Journal of Public Administration | ||
| 908 | _aN | ||
| 909 | _a100438 | ||
| 999 |
_c100437 _d100437 |
||